[Event "49th Ilmar Raud Memorial"]
[Site "Viljandi"]
[Date "2015.06.29"]
[Round "1.1"]
[White "Aleksandrov, Aleksej"]
[Black "Petrov, Dmitri"]
[Result "1-0"]
[WhiteElo "2607"]
[BlackElo "2083"]
[PlyCount "63"]
[EventDate "2015.??.??"]
[EventCountry "EST"]

1. d4 d5 2. c4 Nc6 3. e3 Nf6 4. Nc3 dxc4 5. Bxc4 e5 6. Nf3 exd4 7. exd4 Be7 8.
h3 O-O 9. a3 a6 10. O-O b5 11. Ba2 Bb7 12. Re1 h6 13. Bf4 b4 14. Na4 Bd6 15.
Be5 bxa3 16. bxa3 Nd7 17. Rb1 Rb8 18. Qd3 Ne7 19. Nc3 Nxe5 20. Nxe5 Bxe5 21.
Rxe5 Qd6 22. Ne4 Bxe4 23. Rxe4 Rxb1+ 24. Bxb1 Ng6 25. g3 Rd8 26. Ba2 c5 27. Qc4
Qd7 28. dxc5 Qxh3 29. Re8+ Rxe8 30. Qxf7+ Kh7 31. Qxe8 Nf4 32. Bg8+ 1-0

[Event "49th Ilmar Raud Memorial"]
[Site "Viljandi"]
[Date "2015.06.29"]
[Round "1.2"]
[White "Porrasmaa, Timo"]
[Black "Neiksans, Arturs"]
[Result "0-1"]
[WhiteElo "2056"]
[BlackElo "2600"]
[PlyCount "82"]
[EventDate "2015.??.??"]
[EventCountry "EST"]

1. d4 Nf6 2. Nf3 e6 3. e3 b6 4. Bd3 Bb7 5. O-O c5 6. c4 Be7 7. Nc3 O-O 8. d5
exd5 9. cxd5 d6 10. e4 Nbd7 11. Bf4 a6 12. a4 Ng4 13. h3 Nge5 14. Nxe5 Nxe5 15.
Be2 Bf6 16. Qd2 Re8 17. Bg3 Ng6 18. Bd3 Qc7 19. Rac1 Bc8 20. Rfe1 Ra7 21. b3
Qd8 22. Rcd1 Bg5 23. Qc2 Qf6 24. e5 Nxe5 25. Ne4 Qh6 26. Nxd6 Qxd6 27. f4 Bxf4
28. Bxf4 h6 29. Re4 Rae7 30. Rde1 g5 31. Bh2 f5 32. Bxe5 Rxe5 33. R4e2 Kf7 34.
Rf1 f4 35. Ref2 Re3 36. Rf3 Kf6 37. Kh1 Qxd5 38. Bc4 Bf5 39. Qb2+ Qd4 40. Qf2
a5 41. Kh2 R8e5 0-1

[Event "49th Ilmar Raud Memorial"]
[Site "Viljandi"]
[Date "2015.06.29"]
[Round "1.3"]
[White "Kulaots, Kaido"]
[Black "Haavamae, Henrik"]
[Result "1-0"]
[WhiteElo "2574"]
[BlackElo "2055"]
[PlyCount "45"]
[EventDate "2015.??.??"]
[EventCountry "EST"]

1. e4 c5 2. Nf3 Nc6 3. d4 cxd4 4. Nxd4 e6 5. Nc3 a6 6. Be2 Qc7 7. O-O b5 8. Re1
Bb7 9. Nxc6 Bxc6 10. a4 b4 11. Nd5 exd5 12. exd5 Bb7 13. Bxa6+ Kd8 14. d6 Qc6
15. Bxb7 Qxb7 16. Bf4 Ra6 17. Qe2 Bxd6 18. Qe8+ Kc7 19. Rad1 h5 20. Rxd6 Rxd6
21. Bxd6+ Kxd6 22. Rd1+ Kc6 23. Qe4+ 1-0

[Event "49th Ilmar Raud Memorial"]
[Site "Viljandi"]
[Date "2015.06.29"]
[Round "1.4"]
[White "Tominga, Eke"]
[Black "Ehlvest, Jaan"]
[Result "0-1"]
[WhiteElo "2036"]
[BlackElo "2545"]
[PlyCount "70"]
[EventDate "2015.??.??"]
[EventCountry "EST"]

1. e4 c5 2. Nf3 e6 3. d4 cxd4 4. Nxd4 Nf6 5. Nc3 d6 6. g4 h6 7. h4 Nc6 8. Rg1
h5 9. g5 Ng4 10. Be2 d5 11. exd5 exd5 12. Bf4 Bc5 13. Nxc6 bxc6 14. Bg3 Qb6 15.
Rg2 Qxb2 16. Na4 Bb4+ 17. Kf1 Qa3 18. c3 Be7 19. Qb3 O-O 20. Bd3 f6 21. Re1
fxg5 22. Qxa3 Bxa3 23. hxg5 Bf5 24. Bxf5 Rxf5 25. Re6 Kf7 26. Rxc6 Ne3+ 27. Kg1
Nxg2 28. g6+ Kg8 29. Kxg2 Rf6 30. Rc7 Rxg6 31. Kh3 Rg4 32. Nc5 Rc4 33. Ne6 Rxc7
34. Nxc7 Rd8 35. Be5 Rd7 0-1

[Event "49th Ilmar Raud Memorial"]
[Site "Viljandi"]
[Date "2015.06.29"]
[Round "1.5"]
[White "Blomqvist, Erik"]
[Black "Vahtra, Tuuli"]
[Result "1-0"]
[WhiteElo "2509"]
[BlackElo "2025"]
[PlyCount "55"]
[EventDate "2015.??.??"]
[EventCountry "EST"]

1. e4 e6 2. d4 d5 3. Nc3 Bb4 4. exd5 exd5 5. Bd3 Nc6 6. a3 Be7 7. Be3 Bf6 8.
Qh5 Be6 9. Nge2 Qd7 10. h3 Nge7 11. O-O O-O-O 12. Rac1 h6 13. Na4 g5 14. Nc5
Qd6 15. b4 Bg7 16. f4 f5 17. fxg5 hxg5 18. Qxg5 Bh6 19. Qxh6 Rxh6 20. Bf4 Nxd4
21. Nxd4 Qb6 22. Bxh6 Bd7 23. Bg5 Rg8 24. Bxe7 Qg6 25. Rf2 Qh6 26. Re1 Qxh3 27.
Nxd7 Qg3 28. Bxf5 1-0

[Event "49th Ilmar Raud Memorial"]
[Site "Viljandi"]
[Date "2015.06.29"]
[Round "1.6"]
[White "Narva, Regina"]
[Black "Miezis, Normunds"]
[Result "0-1"]
[WhiteElo "2007"]
[BlackElo "2508"]
[PlyCount "154"]
[EventDate "2015.??.??"]
[EventCountry "EST"]

1. e4 c5 2. Nf3 e6 3. b3 Nc6 4. Bb5 Nf6 5. e5 Nd5 6. Bb2 Qc7 7. O-O Be7 8. Re1
O-O 9. Nc3 Nxc3 10. Bxc3 b6 11. a4 Bb7 12. Qe2 Rad8 13. Bd3 g6 14. h4 f5 15.
exf6 Bxf6 16. h5 Qf4 17. hxg6 hxg6 18. Qe4 Qxe4 19. Bxe4 Kg7 20. Ne5 Bxe5 21.
Bxe5+ Nxe5 22. Bxb7 Rf5 23. a5 b5 24. a6 Rh8 25. Ra5 c4 26. f4 Nf7 27. bxc4
bxc4 28. Rxf5 gxf5 29. Rb1 Nd6 30. Kf2 Kf6 31. Ke3 Ke7 32. Bf3 Rc8 33. Kd4 Kd8
34. Rb4 Kc7 35. Ke5 Rh8 36. Rb1 Rh4 37. c3 Rh8 38. Kd4 Rh2 39. Ke5 Rh4 40. Ba8
Nf7+ 41. Kf6 Nd8 42. g3 Rh2 43. Rb4 d5 44. Rb5 Kd6 45. Rb8 Kd7 46. Bb7 Rxd2 47.
Ra8 d4 48. cxd4 c3 49. Rc8 Rd3 50. Rc4 Rxg3 51. d5 exd5 52. Bxd5 Kd6 53. Bb7
Re3 54. Kxf5 Ne6 55. Rc6+ Kd7 56. Rc4 Kd6 57. Rc6+ Ke7 58. Rc4 c2 59. Be4 Nd4+
60. Ke5 Re1 61. Kxd4 c1=Q 62. Rxc1 Rxc1 63. f5 Kd6 64. Bd3 Rh1 65. Kc3 Rh4 66.
Bc2 Rf4 67. Bd3 Kd5 68. Bc2 Kc5 69. Bd3 Rf3 70. Kd2 Kd4 71. Bc2 Rf2+ 72. Kd1
Kc3 73. Be4 Rf4 74. Bb7 Kd3 75. Kc1 Rxf5 76. Kb2 Rb5+ 77. Kc1 Rb6 0-1

[Event "49th Ilmar Raud Memorial"]
[Site "Viljandi"]
[Date "2015.06.29"]
[Round "1.7"]
[White "Kveinys, Aloyzas"]
[Black "Teemae, Leo"]
[Result "1-0"]
[WhiteElo "2486"]
[BlackElo "1970"]
[PlyCount "71"]
[EventDate "2015.??.??"]
[EventCountry "EST"]

1. d4 Nf6 2. c4 e6 3. Nf3 Bb4+ 4. Bd2 Qe7 5. Nc3 Bxc3 6. Bxc3 Ne4 7. Rc1 c5 8.
g3 O-O 9. Bg2 Nxc3 10. Rxc3 d6 11. O-O Nc6 12. Qd2 e5 13. dxe5 dxe5 14. Ng5 h6
15. Bxc6 hxg5 16. Bd5 Be6 17. Bxe6 Qxe6 18. Qxg5 Rad8 19. b3 Rd4 20. Rd3 f6 21.
Qe3 Rfd8 22. Rfd1 Qa6 23. a4 Qb6 24. f3 a6 25. g4 Qc6 26. Kf2 Qc7 27. Kg2 Qb6
28. h4 Kf7 29. h5 e4 30. Rxd4 Rxd4 31. Rxd4 exf3+ 32. Qxf3 cxd4 33. a5 Qxa5 34.
Qxb7+ Kf8 35. Qa8+ Ke7 36. Qe4+ 1-0

[Event "49th Ilmar Raud Memorial"]
[Site "Viljandi"]
[Date "2015.06.29"]
[Round "1.8"]
[White "Garanin, Aleksei"]
[Black "Meskovs, Nikita"]
[Result "0-1"]
[WhiteElo "1902"]
[BlackElo "2451"]
[PlyCount "64"]
[EventDate "2015.??.??"]
[EventCountry "EST"]

1. e4 c5 2. Nf3 e6 3. d4 cxd4 4. Nxd4 a6 5. Bd3 Qc7 6. O-O Nf6 7. c4 g6 8. Nc3
Bg7 9. Be3 d6 10. Rc1 O-O 11. f4 Nbd7 12. b4 b6 13. Qe2 Bb7 14. h3 Rac8 15. Qf2
Qb8 16. Nb3 Bc6 17. Rfd1 Qa8 18. Bb1 Ne8 19. Bd4 Bxd4 20. Rxd4 e5 21. fxe5 Nxe5
22. Nd5 Bxd5 23. exd5 a5 24. bxa5 bxa5 25. a4 Rb8 26. Qg3 Qa7 27. c5 Nd7 28.
Rdc4 dxc5 29. Bf5 Nb6 30. Rg4 c4 31. Nxa5 Nxd5+ 32. Kh1 Qxa5 0-1

[Event "49th Ilmar Raud Memorial"]
[Site "Viljandi"]
[Date "2015.06.29"]
[Round "1.9"]
[White "Smirnov, Artem"]
[Black "Lumiste, Rene"]
[Result "1-0"]
[WhiteElo "2448"]
[BlackElo "1889"]
[PlyCount "95"]
[EventDate "2015.??.??"]
[EventCountry "EST"]

1. d4 Nf6 2. Bg5 Ne4 3. Bf4 c5 4. d5 Qa5+ 5. c3 Qb6 6. Nd2 Nxd2 7. Qxd2 d6 8.
e4 Bg4 9. f3 Bd7 10. Bd3 e5 11. Be3 Qc7 12. Ne2 c4 13. Bc2 Be7 14. O-O O-O 15.
f4 f6 16. Ng3 Na6 17. Nh5 Bg4 18. Ng3 Bd7 19. Qe2 b5 20. Nh5 b4 21. f5 Be8 22.
Qg4 Bxh5 23. Qxh5 bxc3 24. bxc3 Bd8 25. Ba4 Rb8 26. Rab1 Qa5 27. Bd7 Bb6 28.
Be6+ Kh8 29. Bxb6 Rxb6 30. Rbd1 Qxa2 31. Rf3 h6 32. Rg3 Rb1 33. h3 Rxd1+ 34.
Qxd1 Nc5 35. Qh5 Qb1+ 36. Kh2 Qb7 37. Rg6 Nxe6 38. fxe6 a5 39. Qd1 Qb3 40. Qg4
Qb7 41. Qd1 Qb3 42. Qf1 Qb5 43. Qf2 Kh7 44. Qf5 Kh8 45. e7 Re8 46. Qe6 Rg8 47.
Qf7 Qe8 48. Rxg7 1-0

[Event "49th Ilmar Raud Memorial"]
[Site "Viljandi"]
[Date "2015.06.29"]
[Round "1.10"]
[White "Ivanov, Platon-Jaan"]
[Black "Shvyrjov, Igor"]
[Result "0-1"]
[WhiteElo "1853"]
[BlackElo "2433"]
[PlyCount "120"]
[EventDate "2015.??.??"]
[EventCountry "EST"]

1. d4 g6 2. Nf3 d6 3. g3 Nf6 4. Bg2 Bg7 5. O-O c6 6. c4 O-O 7. Nc3 Bf5 8. Nh4
Be6 9. d5 cxd5 10. cxd5 Bd7 11. Be3 Na6 12. Rc1 Qa5 13. a4 Rfc8 14. Nf3 Qb4 15.
Bd4 Nc5 16. Bxc5 Rxc5 17. Ne1 Bxa4 18. Nxa4 Rxc1 19. Qxc1 Qxa4 20. Nd3 Qb5 21.
Qe3 Qd7 22. h3 Ne8 23. Rc1 Nc7 24. Bf3 Nb5 25. Bg4 Qd8 26. b4 h5 27. Bf3 Nd4
28. Nf4 a5 29. bxa5 Rxa5 30. Be4 Rc5 31. Rd1 Nc2 32. Qb3 Qc7 33. Rb1 h4 34.
Qxb7 Qxb7 35. Rxb7 hxg3 36. fxg3 Bd4+ 37. Kh2 Kf8 38. h4 Be5 39. Nd3 Rc4 40.
Bf3 Rxh4+ 41. Kg2 Rd4 42. Kf2 Bf6 43. Rc7 Na3 44. Rc1 Bg5 45. Rc8+ Kg7 46. Rb8
Nc2 47. Rb2 Be3+ 48. Kg2 Rc4 49. Rb5 Kf6 50. Ra5 g5 51. g4 Bd4 52. Rb5 Ne3+ 53.
Kg3 Be5+ 54. Kh3 Rc8 55. Nxe5 Kxe5 56. Rb7 Kf4 57. Kh2 Rh8+ 58. Kg1 Re8 59.
Rb4+ Kg3 60. Rb3 Rc8 0-1

[Event "49th Ilmar Raud Memorial"]
[Site "Viljandi"]
[Date "2015.06.29"]
[Round "1.11"]
[White "Sepp, Olav"]
[Black "Poom, Mati"]
[Result "1-0"]
[WhiteElo "2426"]
[BlackElo "1803"]
[PlyCount "25"]
[EventDate "2015.??.??"]
[EventCountry "EST"]

1. Nf3 d5 2. g3 g6 3. Bg2 Bg7 4. O-O Nf6 5. d3 O-O 6. Nbd2 Re8 7. e4 e5 8. c3
c5 9. Qb3 b6 10. exd5 Nxd5 11. Ng5 Bb7 12. Nde4 Qe7 13. Nxf7 1-0

[Event "49th Ilmar Raud Memorial"]
[Site "Viljandi"]
[Date "2015.06.29"]
[Round "1.12"]
[White "Ruus, Rein"]
[Black "Seeman, Tarvo"]
[Result "0-1"]
[WhiteElo "1782"]
[BlackElo "2414"]
[PlyCount "78"]
[EventDate "2015.??.??"]
[EventCountry "EST"]

1. e4 c5 2. Nf3 g6 3. c3 Bg7 4. Bc4 d6 5. O-O Nf6 6. Re1 Nc6 7. d3 O-O 8. a3 d5
9. exd5 Nxd5 10. Nbd2 b6 11. Ne4 Bb7 12. Rb1 Qd7 13. Bb5 Rad8 14. d4 Nc7 15.
Ba4 Qc8 16. Bg5 Rfe8 17. Qc1 cxd4 18. Nxd4 Bxd4 19. Bxc6 Bxc6 20. cxd4 Ne6 21.
Nf6+ exf6 22. Bxf6 Rd5 23. g4 Nxd4 24. Rxe8+ Qxe8 25. Qh6 Qf8 26. Qe3 Qd6 27.
g5 Rxg5+ 28. Bxg5 Nf3+ 29. Kf1 Nxg5 30. Rc1 Nf3 31. h3 Qd5 32. a4 Bxa4 33. Rc8+
Kg7 34. Qc3+ Kh6 35. Qf6 Bb5+ 36. Kg2 Ne1+ 37. Kg3 Qg2+ 38. Kf4 Qxf2+ 39. Ke5
Nd3+ 0-1

[Event "49th Ilmar Raud Memorial"]
[Site "Viljandi"]
[Date "2015.07.05"]
[Round "1.13"]
[White "Ladva, Ottomar"]
[Black "Raudsepp, Teet"]
[Result "1-0"]
[WhiteElo "2411"]
[BlackElo "1775"]
[PlyCount "47"]
[EventDate "2015.??.??"]
[EventCountry "EST"]

1. d4 e6 2. c4 c6 3. Nf3 d5 4. Nbd2 Nf6 5. g3 a5 6. Bg2 b5 7. b3 Ba6 8. O-O Bd6
9. Qc2 Nbd7 10. e4 dxe4 11. Ng5 Rc8 12. Ndxe4 Nxe4 13. Nxe4 Be7 14. Bf4 Nb6 15.
c5 Nd5 16. Nd6+ Bxd6 17. Bxd6 b4 18. Rfe1 Kd7 19. a3 h5 20. Bxd5 cxd5 21. axb4
Qb6 22. Qd2 Qb5 23. Rxa5 Qd3 24. Qg5 1-0

[Event "49th Ilmar Raud Memorial"]
[Site "Viljandi"]
[Date "2015.07.05"]
[Round "1.14"]
[White "Sirp, Karl Aleksander"]
[Black "Berzinsh, Roland"]
[Result "0-1"]
[WhiteElo "1767"]
[BlackElo "2402"]
[PlyCount "92"]
[EventDate "2015.??.??"]
[EventCountry "EST"]

1. e4 e5 2. d4 exd4 3. Qxd4 Nc6 4. Qe3 g6 5. Nc3 Bg7 6. Bd2 Nge7 7. O-O-O O-O
8. Qg3 d5 9. Bg5 d4 10. Nd5 f6 11. Bf4 Nxd5 12. exd5 Qxd5 13. Qb3 Qxb3 14. axb3
Be6 15. Bb5 Bd5 16. f3 g5 17. Bg3 f5 18. Ne2 Rad8 19. Bxc7 Rd7 20. Bg3 a6 21.
Bc4 Bxc4 22. bxc4 Rfd8 23. Rd2 Na5 24. c5 Rd5 25. Bc7 Nb3+ 26. cxb3 Rxc5+ 27.
Kb1 Rxc7 28. Rhd1 Kf7 29. Ng3 Kg6 30. Re1 Bf6 31. Re6 Kf7 32. Rb6 Rd5 33. Rc2
Re7 34. Nh5 Bg7 35. Nxg7 d3 36. Rc1 Kxg7 37. Rd1 Rdd7 38. Kc1 Re2 39. Rd2 Re1+
40. Rd1 Rc7+ 41. Kd2 Re2+ 42. Kxd3 Rxg2 43. Rh1 Rd7+ 44. Ke3 h5 45. h4 f4+ 46.
Ke4 Re2+ 0-1

[Event "49th Ilmar Raud Memorial"]
[Site "Viljandi"]
[Date "2015.06.29"]
[Round "1.15"]
[White "Shishkov, Andrei"]
[Black "Viikmaa, Karmen"]
[Result "1-0"]
[WhiteElo "2387"]
[BlackElo "1692"]
[PlyCount "129"]
[EventDate "2015.??.??"]
[EventCountry "EST"]

1. d4 Nf6 2. c4 e5 3. dxe5 Ng4 4. Bf4 Bb4+ 5. Nd2 Nc6 6. Ngf3 Qe7 7. e3 Ngxe5
8. Nxe5 Nxe5 9. Be2 O-O 10. O-O Bxd2 11. Qxd2 d6 12. b4 Bf5 13. Rac1 Rad8 14.
Rfd1 Rfe8 15. Bg3 Bg6 16. Qc3 Qe6 17. h3 f6 18. a3 Kh8 19. Rd2 a6 20. Rcd1 Bf7
21. Rd5 Qe7 22. R5d4 Nc6 23. R4d2 Ne5 24. Rc1 Rd7 25. Rcd1 Qe6 26. Rd4 Red8 27.
Kh2 Nc6 28. R4d2 Ne5 29. c5 d5 30. f4 Nc6 31. Bg4 f5 32. Bf3 Ne7 33. Bh4 c6 34.
Qd4 Re8 35. Rd3 Ng6 36. Be1 Nf8 37. Qb2 Qh6 38. Kg1 Rde7 39. Qf2 Bh5 40. Bc3
Bxf3 41. Qxf3 Nd7 42. g4 fxg4 43. hxg4 Re4 44. Bd4 Qe6 45. R3d2 Qf7 46. Rh2 Kg8
47. Kf2 R4e6 48. Rdh1 Nf8 49. f5 Re4 50. g5 Qc7 51. g6 Rxd4 52. exd4 Re4 53.
Rh4 Rxh4 54. Rxh4 Qe7 55. Rg4 Nd7 56. Qe3 Qxe3+ 57. Kxe3 h6 58. Kf4 Kf8 59. Rg1
Nf6 60. a4 Ke7 61. b5 axb5 62. axb5 Ne4 63. bxc6 bxc6 64. Ra1 Nc3 65. Ra7+ 1-0

[Event "49th Ilmar Raud Memorial"]
[Site "Viljandi"]
[Date "2015.06.29"]
[Round "1.16"]
[White "Pedoson, Georg Aleksander"]
[Black "Lauk, Ular"]
[Result "0-1"]
[WhiteElo "1685"]
[BlackElo "2383"]
[PlyCount "76"]
[EventDate "2015.??.??"]
[EventCountry "EST"]

1. e4 c5 2. Nf3 e6 3. d4 cxd4 4. Nxd4 Nc6 5. Nxc6 bxc6 6. Bd3 d5 7. O-O Nf6 8.
e5 Nd7 9. Re1 g6 10. f4 Bg7 11. Nd2 Ba6 12. Nf3 Bxd3 13. cxd3 O-O 14. d4 c5 15.
Be3 Qa5 16. Kh1 Rfc8 17. g4 Rab8 18. Re2 cxd4 19. Bxd4 Nc5 20. f5 Ne4 21. Qg1
Rb7 22. h4 Rbc7 23. h5 g5 24. Rae1 h6 25. a3 Qa6 26. Nd2 Rc2 27. Qg2 Nxd2 28.
Rxd2 Rxd2 29. Qxd2 Qc4 30. Kg2 a5 31. Re3 Qb5 32. Bc3 Qa4 33. Kh3 exf5 34. gxf5
Qh4+ 35. Kg2 Qg4+ 36. Rg3 Qe4+ 37. Kh2 Bxe5 38. Bxe5 Rc2 0-1

[Event "49th Ilmar Raud Memorial"]
[Site "Viljandi"]
[Date "2015.07.05"]
[Round "1.17"]
[White "Krupenski, Juri"]
[Black "Sinitsina, Anastassia"]
[Result "1-0"]
[WhiteElo "2339"]
[BlackElo "1673"]
[PlyCount "59"]
[EventDate "2015.??.??"]
[EventCountry "EST"]

1. d4 Nf6 2. c4 e6 3. Nc3 Bb4 4. e3 O-O 5. Nge2 c5 6. a3 Bxc3+ 7. Nxc3 cxd4 8.
exd4 d5 9. c5 Re8 10. Be2 Nc6 11. O-O e5 12. dxe5 Nxe5 13. Be3 Be6 14. Nb5 a6
15. Nd6 Re7 16. Bd4 Ned7 17. Bd3 Qc7 18. b4 Ne8 19. Qh5 h6 20. Qh4 Nf8 21. Rfe1
Rd7 22. Nf5 Bxf5 23. Bxf5 Qd8 24. Qxd8 Rdxd8 25. Re7 g6 26. Bh3 Nh7 27. Rxb7
Ng5 28. Bd7 Ng7 29. c6 N7e6 30. Bf6 1-0

[Event "49th Ilmar Raud Memorial"]
[Site "Viljandi"]
[Date "2015.06.29"]
[Round "1.18"]
[White "Tokar, Tanel"]
[Black "Sirosh, Ilja"]
[Result "0-1"]
[WhiteElo "1673"]
[BlackElo "2314"]
[PlyCount "106"]
[EventDate "2015.??.??"]
[EventCountry "EST"]

1. d4 d5 2. c4 c6 3. e3 Nf6 4. Nc3 a6 5. b3 Bf5 6. Nf3 h6 7. c5 Nbd7 8. a3 Qc7
9. Bb2 e5 10. Nxe5 Nxe5 11. dxe5 Qxe5 12. Na4 Qe6 13. Nb6 Rd8 14. Bd4 Be7 15.
Bd3 O-O 16. O-O Rde8 17. Bxf5 Qxf5 18. Qb1 Qe6 19. Qb2 Nh5 20. Qe2 g6 21. b4
Bf6 22. Qd2 Bxd4 23. exd4 Kg7 24. Rfe1 Qf5 25. h3 Nf4 26. Re3 Qg5 27. g3 Nxh3+
28. Kg2 Nf4+ 29. Kg1 Rxe3 30. Qxe3 Nh3+ 31. Kg2 Qxe3 32. fxe3 Ng5 33. a4 Re8
34. Kf2 Ne4+ 35. Kf3 Re6 36. Nd7 Nd2+ 37. Kf2 Nc4 38. Re1 h5 39. Kf3 g5 40. Re2
g4+ 41. Kf2 Kh6 42. Nb6 Nxb6 43. cxb6 Kg5 44. Re1 Kf5 45. Ke2 Rf6 46. Rf1+ Kg5
47. Rf4 Rxf4 48. exf4+ Kh6 49. Kf2 Kg6 50. Ke3 h4 51. f5+ Kg5 52. gxh4+ Kxh4
53. Kf2 Kg5 0-1

[Event "49th Ilmar Raud Memorial"]
[Site "Viljandi"]
[Date "2015.06.29"]
[Round "1.19"]
[White "Soskov, Vjacheslav"]
[Black "Tonso, Liina"]
[Result "1-0"]
[WhiteElo "2289"]
[BlackElo "1605"]
[PlyCount "73"]
[EventDate "2015.??.??"]
[EventCountry "EST"]

1. e4 c5 2. Nf3 d6 3. d4 cxd4 4. Nxd4 Nf6 5. f3 Nc6 6. c4 g6 7. Be3 Bg7 8. Qd2
Bd7 9. Nc3 O-O 10. Be2 Rc8 11. O-O Ne5 12. b3 Qa5 13. Rfd1 Nc6 14. a3 Ne8 15.
b4 Qd8 16. Rac1 Nc7 17. Nb3 Be6 18. Nd5 b6 19. a4 Ne5 20. a5 Nxd5 21. cxd5 Rxc1
22. Rxc1 Bd7 23. axb6 axb6 24. Nd4 Qa8 25. b5 Qb7 26. Nc6 Bf6 27. f4 Ng4 28.
Bxg4 Bxg4 29. h3 Bd7 30. e5 dxe5 31. fxe5 Bh4 32. Qd4 Bg3 33. Nxe7+ Kg7 34. e6+
f6 35. exd7 Qxd7 36. Bf4 Bxf4 37. Qxf4 1-0

[Event "49th Ilmar Raud Memorial"]
[Site "Viljandi"]
[Date "2015.06.29"]
[Round "1.20"]
[White "Maasik, Liisa"]
[Black "Vovk, Ilja"]
[Result "0-1"]
[WhiteElo "1487"]
[BlackElo "2283"]
[PlyCount "68"]
[EventDate "2015.??.??"]
[EventCountry "EST"]

1. d4 g6 2. Nf3 Bg7 3. e3 Nf6 4. Bd3 O-O 5. b3 c5 6. Bb2 cxd4 7. exd4 d5 8. O-O
Bg4 9. Nbd2 Qc8 10. c4 Nc6 11. Re1 a5 12. h3 Bf5 13. Bxf5 Qxf5 14. Ne5 Nb4 15.
a3 Qc2 16. axb4 Qxb2 17. bxa5 Qxd4 18. Nef3 Qc5 19. Rb1 dxc4 20. bxc4 Qc7 21.
Rb5 e6 22. Qb3 Rfd8 23. Ne4 Nxe4 24. Rxe4 Rd7 25. Ne5 Bxe5 26. Rexe5 Rd4 27.
Rec5 Qd6 28. g3 Rd3 29. Qb2 Rd8 30. Re5 Rd1+ 31. Kg2 Qc6+ 32. Red5 exd5 33. Rb6
Qxc4 34. Rxb7 Qe4+ 0-1

[Event "49th Ilmar Raud Memorial"]
[Site "Viljandi"]
[Date "2015.06.29"]
[Round "1.21"]
[White "Jezov, Roman"]
[Black "Norlamo, Sarabella"]
[Result "1-0"]
[WhiteElo "2258"]
[BlackElo "1371"]
[PlyCount "57"]
[EventDate "2015.??.??"]
[EventCountry "EST"]

1. e4 e5 2. Nf3 Nc6 3. Bb5 a6 4. Ba4 Nf6 5. O-O b5 6. Bb3 Be7 7. d3 O-O 8. a4
Bb7 9. axb5 axb5 10. Rxa8 Bxa8 11. Nc3 Na5 12. Ba2 b4 13. Ne2 b3 14. cxb3 Nc6
15. Ng3 Re8 16. Bg5 h6 17. Bxf6 Bxf6 18. b4 Qb8 19. Qb3 Rf8 20. b5 Na5 21. Qa4
Nb7 22. Nh5 Nc5 23. Qc4 Qa7 24. Nxf6+ gxf6 25. Nh4 d6 26. Nf5 Kh7 27. Qc1 Qxa2
28. Qxh6+ Kg8 29. Ne7# 1-0

[Event "49th Ilmar Raud Memorial"]
[Site "Viljandi"]
[Date "2015.06.30"]
[Round "2.1"]
[White "Lauk, Ular"]
[Black "Aleksandrov, Aleksej"]
[Result "0-1"]
[WhiteElo "2383"]
[BlackElo "2607"]
[PlyCount "124"]
[EventDate "2015.??.??"]
[EventCountry "EST"]

1. e4 e5 2. Nf3 Nc6 3. Bb5 Nf6 4. d3 d6 5. c3 g6 6. O-O Bg7 7. d4 O-O 8. dxe5
Nxe5 9. Nxe5 dxe5 10. Qxd8 Rxd8 11. f3 Be6 12. Be3 c6 13. Ba4 Nh5 14. Bb3 Nf4
15. Nd2 Bh6 16. Kh1 Rd3 17. Rfe1 Rxe3 18. Rxe3 Nxg2 19. Re2 Nf4 20. Rf2 Nd3 21.
Re2 Bh3 22. Nc4 Kf8 23. Rd1 Nc1 24. Ree1 Nxb3 25. axb3 Bf4 26. Ne3 a5 27. Ng4
h5 28. Nf2 Be6 29. b4 a4 30. Nd3 Bb3 31. Nxf4 Bxd1 32. Nxg6+ fxg6 33. Rxd1 Ke7
34. Kg2 a3 35. bxa3 Rxa3 36. Rd3 Ra1 37. b5 g5 38. bxc6 bxc6 39. Kg3 Rg1+ 40.
Kf2 Rc1 41. Kg3 Ke6 42. h4 g4 43. f4 Re1 44. f5+ Ke7 45. c4 Rxe4 46. c5 Rd4 47.
Ra3 Rc4 48. Ra7+ Kf6 49. Rh7 Rc3+ 50. Kg2 Kxf5 51. Rxh5+ Kf4 52. Rh6 Rc2+ 53.
Kf1 Rxc5 54. Rf6+ Kg3 55. h5 Rc1+ 56. Ke2 Rh1 57. h6 c5 58. Rc6 c4 59. Rxc4
Rxh6 60. Rc8 Kh2 61. Rc2 g3 62. Kf3+ Kh3 0-1

[Event "49th Ilmar Raud Memorial"]
[Site "Viljandi"]
[Date "2015.06.30"]
[Round "2.2"]
[White "Neiksans, Arturs"]
[Black "Shishkov, Andrei"]
[Result "1-0"]
[WhiteElo "2600"]
[BlackElo "2387"]
[PlyCount "73"]
[EventDate "2015.??.??"]
[EventCountry "EST"]

1. Nf3 d5 2. d4 Bf5 3. c4 e6 4. e3 c6 5. Nc3 Nd7 6. Be2 Bd6 7. O-O h6 8. Bd3
Bxd3 9. Qxd3 f5 10. cxd5 cxd5 11. Bd2 a6 12. Ne2 Ngf6 13. Nf4 Kf7 14. Qe2 Qb6
15. Bc3 Bxf4 16. exf4 Ne4 17. Rfc1 Rhc8 18. Bd2 Qd8 19. Be3 Nd6 20. h3 Rxc1+
21. Rxc1 Rc8 22. g4 Rxc1+ 23. Bxc1 Qc7 24. Qd1 Qc4 25. a3 a5 26. a4 b5 27. Ne5+
Nxe5 28. fxe5 Ne4 29. gxf5 exf5 30. axb5 Qxb5 31. Qh5+ Ke7 32. Qxf5 Qd7 33.
Qxd7+ Kxd7 34. Kg2 Ke6 35. f3 Ng5 36. Bxg5 hxg5 37. b3 1-0

[Event "49th Ilmar Raud Memorial"]
[Site "Viljandi"]
[Date "2015.06.30"]
[Round "2.4"]
[White "Ehlvest, Jaan"]
[Black "Krupenski, Juri"]
[Result "1/2-1/2"]
[WhiteElo "2545"]
[BlackElo "2339"]
[PlyCount "45"]
[EventDate "2015.??.??"]
[EventCountry "EST"]

1. c4 Nf6 2. Nc3 c5 3. Nf3 e6 4. g3 b6 5. Bg2 Bb7 6. O-O Be7 7. d4 cxd4 8. Qxd4
d6 9. Bg5 a6 10. Bxf6 Bxf6 11. Qf4 Bxf3 12. Qxf3 Ra7 13. Rfd1 O-O 14. Qd3 Be7
15. e3 Nd7 16. b3 Nf6 17. Ne2 Qc8 18. Nd4 Rc7 19. a4 Rc5 20. Qf1 d5 21. cxd5
Nxd5 22. Rac1 Nc3 23. Re1 1/2-1/2

[Event "49th Ilmar Raud Memorial"]
[Site "Viljandi"]
[Date "2015.06.30"]
[Round "2.5"]
[White "Vovk, Ilja"]
[Black "Blomqvist, Erik"]
[Result "0-1"]
[WhiteElo "2283"]
[BlackElo "2509"]
[PlyCount "70"]
[EventDate "2015.??.??"]
[EventCountry "EST"]

1. f4 d5 2. Nf3 g6 3. g3 c6 4. Bg2 Qb6 5. Nc3 Bg7 6. a4 a5 7. e3 Nd7 8. O-O Nh6
9. Kh1 Nf5 10. e4 dxe4 11. Nxe4 Nf6 12. Nfg5 h5 13. Nxf6+ Bxf6 14. Ne4 h4 15.
g4 Ng3+ 16. Nxg3 hxg3 17. h3 Rh4 18. f5 gxf5 19. gxf5 Bd7 20. Ra3 O-O-O 21.
Rxg3 Rxa4 22. c3 Ra1 23. d4 a4 24. Qe2 Bxf5 25. d5 cxd5 26. c4 Qc7 27. Qf2 Be4
28. Bxe4 dxe4 29. Ra3 Rxa3 30. bxa3 Rd3 31. Be3 Qd7 32. Kg2 Bd4 33. Re1 Rxa3
34. c5 Rxe3 35. Rxe3 a3 0-1

[Event "49th Ilmar Raud Memorial"]
[Site "Viljandi"]
[Date "2015.06.30"]
[Round "2.3"]
[White "Sirosh, Ilja"]
[Black "Kulaots, Kaido"]
[Result "1/2-1/2"]
[WhiteElo "2314"]
[BlackElo "2574"]
[PlyCount "90"]
[EventDate "2015.??.??"]
[EventCountry "EST"]

1. d4 d6 2. e4 Nf6 3. Nc3 e5 4. Nf3 exd4 5. Nxd4 Be7 6. f3 O-O 7. Be3 d5 8. e5
c5 9. exf6 Bxf6 10. Be2 cxd4 11. Bxd4 Nc6 12. Bxf6 Qxf6 13. O-O d4 14. Ne4 Qe7
15. Qd2 Be6 16. Rfe1 h6 17. a3 Rfd8 18. Qf4 Rac8 19. Rad1 Na5 20. Rd2 Nc4 21.
Bxc4 Rxc4 22. Red1 Kh7 23. b3 Rcc8 24. Nf2 Kg8 25. a4 Rd7 26. Re2 Qc5 27. Nd3
Qb6 28. h3 Rd5 29. Kh1 Bf5 30. Rdd2 Qd6 31. Qxd6 Rxd6 32. Kg1 Kf8 33. Kf2 f6
34. g4 Bh7 35. h4 Kf7 36. h5 Rc7 37. Kg3 Re7 38. Kf4 Rxe2 39. Rxe2 Rc6 40. Rd2
a5 41. Ne1 Re6 42. Nd3 Rc6 43. Ne1 Rd6 44. Nd3 Rc6 45. Ne1 Re6 1/2-1/2